00751nam a2200205Ia 4500003000900000008004100009020001800050040001600068080001500084110004600099245010900145260005700254300001500311490002600326650001900352650003000371942000700401999001700408952012000425IN-BaIIA211028s9999 xx 000 0 eng d a0-87891-548-6 cIIA Library a519.8bREA aResearch and Education Association918667 0aREA's problem solversboperations researchcResearch and Education Association  aNew JerseybResearch and Education Associationc1983 axi, 1076p. aREA's problem solvers aNASA thesaurus aOperations research91657 cBK c10919d10919 00104070aBANbBANcGENd1994-02-23g994.35l0o519.8/ REAp11831r2021-11-05v994.35w1994-02-23yBKGRs. 994.35